Unidad Generadora de Negocios PLYCEM

Presenta el informe de prácticas profesionales, así mismo presenta la asesoría técnica brindada en el canal de consultores, constructores y usuarios finales por medio de la oferta de productos y soluciones constructivas de portafolio Plycem de la unidad generadora de negocios.

Bibliographic Details
Main Author: Zeledón Blandón, Héctor Jader
Other Authors: Tutor: Pentzke Chamorro, Gerald
Format: Tesis Section = Libro
Language:Undetermined
Spanish
Published: Managua UNI 2018
Subjects:
LEADER 01077nam a2200265Ia 4500
008 240830s9999 xx 000 0 und d
040 |a BIBLIOTECA-RUSB/ Mon 712.3 Z49 
041 |a spa 
082 |a Mon 712.3 Z49 
100 1 |a Zeledón Blandón, Héctor Jader 
245 1 0 |a Unidad Generadora de Negocios PLYCEM 
260 |a Managua  |b UNI  |c 2018 
300 |a 136 p. :il. 
500 |a Contiene: Práctica profesional supervisad, anexos y CD. 
502 |a Tesis (Arquitecto) - UNI, 2018. 
520 3 |a Presenta el informe de prácticas profesionales, así mismo presenta la asesoría técnica brindada en el canal de consultores, constructores y usuarios finales por medio de la oferta de productos y soluciones constructivas de portafolio Plycem de la unidad generadora de negocios. 
650 7 |a PRACTICAS PROFESIONALES 
650 7 |b  EDIFICIOS- DISEÑO ARQUITECTONICO 
650 7 |c  PLYCEM 
650 7 |d  PROCEDIMIENTOS TECNICOS 
650 7 |e  PLANOS- VIVIENDAS 
700 1 |a Tutor:  |b Pentzke Chamorro, Gerald 
942 |c BK  |2 ddc 
991 |a TESIS 
999 |c 21081